000 00291nam a2200109Ia 4500
001 588932
005 20250717120839.0
008 250717s9999 xx 000 0 und d
245 0 _aY-8 EMANETDAR AYASOFYA DEHLİZLERİNDE
_cESRA BAHADIR CESAR
260 _bERDEM YAYINLARI
_c2020
300 _b205
999 _c588932
_d588932